Statystyki dla Waluty Europy - mapa

Kliknij tutaj aby rozwiązać quiz!

Ogólne statystyki

  • Ten quiz został rozwiązany 198 razy
  • Średni wynik to 38 z 45

Odpowiedzi na mapie

Odpowiedzi skodowane kolorowo w zielono-czerwonej skali na mapie do tego quizu, zgodnie z poniższymi procentami.
 

Statystyki odpowiedzi

PaństwoWaluta% Poprawnych
WłochyEuro
100%
HolandiaEuro
100%
WatykanEuro
100%
SłoweniaEuro
100%
SłowacjaEuro
100%
San MarinoEuro
100%
PortugaliaEuro
100%
NiemcyEuro
100%
MonakoEuro
100%
MaltaEuro
100%
ŁotwaEuro
100%
AndoraEuro
100%
LitwaEuro
100%
KosowoEuro
100%
IrlandiaEuro
100%
LuksemburgEuro
100%
HiszpaniaEuro
100%
CzarnogóraEuro
100%
AustriaEuro
100%
FrancjaEuro
100%
BelgiaEuro
100%
FinlandiaEuro
100%
EstoniaEuro
100%
GrecjaEuro
100%
ChorwacjaEuro
100%
PolskaZłoty
98%
Wielka BrytaniaFunt szterling
93%
CzechyKorona czeska
92%
DaniaKorona duńska
92%
IslandiaKorona islandzka
92%
NorwegiaKorona norweska
92%
SzwecjaKorona szwedzka
92%
BiałoruśRubel białoruski
80%
RosjaRubel rosyjski
80%
LiechtensteinFrank szwajcarski
76%
SzwajcariaFrank szwajcarski
76%
UkrainaHrywna
61%
WęgryForint
54%
BułgariaLew
47%
RumuniaLej
42%
MołdawiaLej Mołdawii
42%
SerbiaDinar serbski
32%
Bośnia i HercegowinaMarka zamienna
30%
AlbaniaLek
27%
Macedonia PółnocnaDenar
23%

Rozkład punktacji

Percentyl według liczby udzielonych odpowiedzi

Procent ludzi z każdym wynikiem

Twoja historia wyników

Nie rozwiązałeś tego quizu